=LDR 00000nam 2200000 4500 =001 INLIS000000000005236 =005 20130612093504 =008 ***********************************Ind** =035 ##$$0010-061300000005236 =041 ##$$a Ind =082 ##$$a 92 (Mangunkusumo) =090 ##$$a 92 (Mangunkusumo), Rek d =100 ##$$a REKSODIHARJO, Sugeng =245 ##$$a DR Cipto Mangunkusumo, Sugeng Reksodihardjo =260 ##$$a 1992 $b Jakarta =300 ##$$a 130 hlm, 21 cm =650 ##$$a Cipto Mangunkusumo =850 ##$$a NBPNMAT